Estrategias utilizadas por un grupo de mujeres mexicanas para cuidar su salud emocional: autoatención y apoyo social /
Guardado en:
| Autor principal: | |
|---|---|
| Otros Autores: | , |
| Formato: | Texto |
| Etiquetas: |
Agregar Etiqueta
Sin Etiquetas, Sea el primero en etiquetar este registro!
|
MARC
| LEADER | 00000 a a2200000 04500 | ||
|---|---|---|---|
| 001 | 40745 | ||
| 003 | |||
| 040 | |||
| 100 | |a Berenzon-Gorn, Shoshana | ||
| 245 | |a Estrategias utilizadas por un grupo de mujeres mexicanas para cuidar su salud emocional: |b autoatención y apoyo social / |c Shoshana Berenzon-Gorn ; Nayelhi Saavedra-Solano ; Sarahí Alanís-Navarro | ||
| 500 | |a berenz@imp.edu.mx | ||
| 700 | |a Saavedra-Solano, Nayelhi | ||
| 700 | |a Alanís-Navarro, Sarahí | ||
| 773 | |g volumen51, número6 (2009), páginas 474-481 : tablas | ||
| 999 | |c 20759 |d 20759 | ||
